| 000 | 01025nam a22002417a 4500 | ||
|---|---|---|---|
| 999 |
_c5649 _d5649 |
||
| 003 | AR-CdUCM | ||
| 008 | 190313b ||||| |||| 00| 0 spa d | ||
| 040 |
_aMUNICIPALIDAD PROVINCIAL DEL CUSCO _cBIBLIOTECA MUNICIPAL DEL CUSCO |
||
| 041 | _heng | ||
| 082 |
_24ed. _a192 / _bR96 |
||
| 100 |
_aRussell, Bertrand _916285 |
||
| 245 | _aAutoridad e individuo / | ||
| 260 |
_aMéxico D. F. : _bFondo de cultura económica, _c1961. |
||
| 300 |
_a127 páginas ; _c17 cm. |
||
| 440 |
_aBreviarios del Fondo de Cultura Económico. _n15 _916866 |
||
| 505 | _aContenido: La cohesión social y la naturaleza humana -- La cohesión social y el gobierno -- La función de la individualidad -- El conflicto entre la técnica y la naturaleza humana -- La intervención y la iniciativa: sus esferas respectivas ... | ||
| 650 |
_aTécnica y naturaleza humana _916867 |
||
| 650 |
_aÉtica social _916288 |
||
| 650 |
_aCohesión social _98955 |
||
| 700 |
_a Villegas, Márgara (traducción). _916868 |
||
| 942 |
_2ddc _cLIBROS |
||
| 945 | _aachl | ||